<?xml version="1.0" encoding="UTF-8"?>
<resp>
  <nextPage>https://data.bn.org.pl/api/networks/bibs.marcxml?marc=001+b0000640005322&amp;sinceId=640005323</nextPage>
  <collection>
    <record xmlns='http://www.loc.gov/MARC21/slim'><leader>01581nam a2200409 i 4500</leader><controlfield tag='001'>b0000640005322</controlfield><controlfield tag='005'>20250409042625.1</controlfield><controlfield tag='008'>171109s2015    pl a         |000 0 pol  </controlfield><controlfield tag='009'>9912860649105606</controlfield><datafield ind1=' ' ind2=' ' tag='035'><subfield code='a'>RAD_1RAD_1_76961-48omnis_rad</subfield></datafield><datafield ind1=' ' ind2=' ' tag='035'><subfield code='a'>RAD_1_76961</subfield></datafield><datafield ind1=' ' ind2=' ' tag='035'><subfield code='a'>(OCoLC)837412726</subfield></datafield><datafield ind1=' ' ind2=' ' tag='035'><subfield code='a'>(PL)b0000640005322</subfield></datafield><datafield ind1=' ' ind2=' ' tag='040'><subfield code='a'>RADZYŃ 002</subfield><subfield code='c'>RADZYŃ 002</subfield><subfield code='d'>WA N</subfield></datafield><datafield ind1='0' ind2='0' tag='245'><subfield code='a'>Społeczeństwo informacyjne w liczbach 2015 /</subfield><subfield code='c'>Ministerstwo Administracji i Cyfryzacji. Departament Społeczeństwa Informacyjnego. Wewnętrznych i Administracji ; pod red. Violetty Szymanek.</subfield></datafield><datafield ind1=' ' ind2=' ' tag='260'><subfield code='a'>Warszawa :</subfield><subfield code='b'>Ministerstwo Spraw Wewnętrznych i Administracji. Departament Społeczeństwa Informacyjnego,</subfield><subfield code='c'>2015.</subfield></datafield><datafield ind1=' ' ind2=' ' tag='300'><subfield code='a'>224 s. :</subfield><subfield code='b'>il. ;</subfield><subfield code='c'>26 cm.</subfield></datafield><datafield ind1=' ' ind2=' ' tag='336'><subfield code='a'>Tekst</subfield><subfield code='b'>txt</subfield><subfield code='2'>rdacontent</subfield></datafield><datafield ind1=' ' ind2=' ' tag='337'><subfield code='a'>Bez urządzenia pośredniczącego</subfield><subfield code='b'>n</subfield><subfield code='2'>rdamedia</subfield></datafield><datafield ind1=' ' ind2=' ' tag='338'><subfield code='a'>Wolumin</subfield><subfield code='b'>nc</subfield><subfield code='2'>rdacarrier</subfield></datafield><datafield ind1=' ' ind2=' ' tag='380'><subfield code='a'>Książki</subfield></datafield><datafield ind1=' ' ind2='7' tag='650'><subfield code='a'>Społeczeństwo informacyjne</subfield><subfield code='2'>JHP BN</subfield></datafield><datafield ind1=' ' ind2='7' tag='655'><subfield code='a'>Dane statystyczne</subfield><subfield code='2'>JHP BN</subfield></datafield><datafield ind1='1' ind2=' ' tag='700'><subfield code='a'>Szymanek, Violetta</subfield><subfield code='e'>Redakcja</subfield></datafield><datafield ind1=' ' ind2=' ' tag='852'><subfield code='b'>48OMNIS_NETWORK</subfield><subfield code='8'>9912860649105606</subfield></datafield><datafield ind1=' ' ind2=' ' tag='852'><subfield code='b'>48OMNIS_BOL</subfield><subfield code='8'>990012594320308413</subfield></datafield><datafield ind1=' ' ind2=' ' tag='852'><subfield code='b'>48OMNIS_GLO</subfield><subfield code='8'>990012080660308411</subfield></datafield><datafield ind1=' ' ind2=' ' tag='852'><subfield code='b'>48OMNIS_RAD</subfield><subfield code='8'>991000053229707910</subfield></datafield><datafield ind1=' ' ind2=' ' tag='852'><subfield code='b'>48OMNIS_LUK1</subfield><subfield code='8'>991000571939707906</subfield></datafield><datafield ind1=' ' ind2=' ' tag='852'><subfield code='8'>22742068280008413</subfield><subfield code='j'>1</subfield><subfield code='b'>001CZ</subfield><subfield code='p'>00101-002021408</subfield><subfield code='c'>CZ</subfield></datafield><datafield ind1=' ' ind2=' ' tag='852'><subfield code='8'>225983120007906</subfield><subfield code='j'>1</subfield><subfield code='b'>LUK_1_1</subfield><subfield code='p'>110480</subfield><subfield code='c'>MBP_W_DOR</subfield></datafield></record>
  </collection>
</resp>
